00429nam a2200121 4500008001300000020001800013082001800031100003400049245002700083260007100110300003400181650009200215700.74 F981m a9789929813298 a700.74bF981m aMosquera, Gerardo (edición) a22 Bienal de Arte Paiz aGuatemalabFundación Paiz para la Educación y la Culturac2019 a202 p.bil. (col)c23 x 24 cm xarte contemporáneoxcatálogo de exhibiciónxarte - Guatemalaxarte - exhibiciones